Zero to one : (Record no. 160309)

MARC details
000 -LEADER
fixed length control field 00508nam a22001817a 4500
005 - DATE AND TIME OF LATEST TRANSACTION
control field 20190124162801.0
010 ## - LCCN (DPL NO)
LC control number B-713086
020 ## - INTERNATIONAL STANDARD BOOK NUMBER
International Standard Book Number 9780753555194
Terms of availability 499.00
035 ## - SYSTEM CONTROL NUMBER
System control number B-713086
037 ## - SOURCE OF ACQUISITION
Source of stock number/acquisition Penguin Random
082 ## - DEWEY DECIMAL CLASSIFICATION NUMBER
Classification number 658
100 ## - MAIN ENTRY--PERSONAL NAME
Personal name Theil, Peter
245 ## - TITLE STATEMENT
Title Zero to one :
Remainder of title notes on startups
Statement of responsibility, etc by Peter Theil
260 ## - PUBLICATION, DISTRIBUTION, ETC. (IMPRINT)
Place of publication, distribution, etc New Delhi
Name of publisher, distributor, etc Penguin Random
Date of publication, distribution, etc 2014
300 ## - PHYSICAL DESCRIPTION
Extent 210p.
Dimensions 22cm
942 ## - ADDED ENTRY ELEMENTS (KOHA)
Source of classification or shelving scheme Dewey Decimal Classification
Item type English Books
Classification part 658
Call number suffix PET
Holdings
Withdrawn status Lost status Not for loan Collection code Home library Current library Date acquired Full call number Barcode Koha item type
      Non-fiction Sarojini Nagar Sarojini Nagar 24/01/2019 658 PET B-713086 English Books

© Delhi Public Library
Hit Counter
free hit counter